<?xml version="1.0" encoding="UTF-8"?>
<record
    xmlns:xsi="http://www.w3.org/2001/XMLSchema-instance"
    xsi:schemaLocation="http://www.loc.gov/MARC21/slim http://www.loc.gov/standards/marcxml/schema/MARC21slim.xsd"
    xmlns="http://www.loc.gov/MARC21/slim">

  <leader>02161nam a2200385 a 4500</leader>
  <controlfield tag="001">000029846</controlfield>
  <controlfield tag="003">DO-SdBNP</controlfield>
  <controlfield tag="005">20241015132719.0</controlfield>
  <controlfield tag="007">000029846</controlfield>
  <controlfield tag="008">110426s2008    dr     000 0 spa d</controlfield>
  <datafield tag="020" ind1=" " ind2=" ">
    <subfield code="a">9789945427356</subfield>
  </datafield>
  <datafield tag="040" ind1=" " ind2=" ">
    <subfield code="a">BPMSU</subfield>
    <subfield code="b">spa</subfield>
    <subfield code="c">BPMSU</subfield>
  </datafield>
  <datafield tag="082" ind1=" " ind2="4">
    <subfield code="a">RD868.4</subfield>
    <subfield code="b">H519o 2008</subfield>
    <subfield code="2">22</subfield>
  </datafield>
  <datafield tag="100" ind1="1" ind2=" ">
    <subfield code="a">Henr&#xED;quez Ure&#xF1;a, Max,</subfield>
    <subfield code="d">1885-1968.</subfield>
  </datafield>
  <datafield tag="245" ind1="1" ind2="0">
    <subfield code="a">Obras y apuntes /</subfield>
    <subfield code="c">Max Henr&#xED;quez Ure&#xF1;a / revisi&#xF3;n general Jos&#xE9; Rafael Lantigua.</subfield>
  </datafield>
  <datafield tag="260" ind1=" " ind2=" ">
    <subfield code="a">Santo Domingo :</subfield>
    <subfield code="b">Presidencia de la Rep&#xFA;blica Dominicana :</subfield>
    <subfield code="b">Ediciones de Cultura,</subfield>
    <subfield code="c">2008-.</subfield>
  </datafield>
  <datafield tag="300" ind1=" " ind2=" ">
    <subfield code="a">28 v. ;</subfield>
    <subfield code="c">23 cm.</subfield>
  </datafield>
  <datafield tag="500" ind1=" " ind2=" ">
    <subfield code="a">Incluye &#xED;ndice onom&#xE1;stico</subfield>
  </datafield>
  <datafield tag="500" ind1=" " ind2=" ">
    <subfield code="a">Incluye bibliograf&#xED;a y notas al pie de las p&#xE1;ginas</subfield>
  </datafield>
  <datafield tag="505" ind1="0" ind2=" ">
    <subfield code="g">v. 1</subfield>
    <subfield code="t">Documentos personales --</subfield>
    <subfield code="g">v. 2</subfield>
    <subfield code="t">Educaci&#xF3;n  --</subfield>
    <subfield code="g">v. 3</subfield>
    <subfield code="t">Educaci&#xF3;n 2 --</subfield>
    <subfield code="g">v. 4</subfield>
    <subfield code="t">Poes&#xED;as 1 --</subfield>
    <subfield code="g">v.5</subfield>
    <subfield code="t">Poes&#xED;as 2 --</subfield>
    <subfield code="g">v.6</subfield>
    <subfield code="t">Historia pol&#xED;tica --</subfield>
    <subfield code="g">v. 7</subfield>
    <subfield code="t">Los Yankis en Santo Domingo --</subfield>
    <subfield code="g">v. 8</subfield>
    <subfield code="t">Pol&#xED;tica internacional 1 --</subfield>
    <subfield code="g">v. 9</subfield>
    <subfield code="t">Pol&#xED;tica internacional 2 --</subfield>
    <subfield code="g">v. 10</subfield>
    <subfield code="t">Literatura no Hisp&#xE1;nica 1 --</subfield>
    <subfield code="g">v. 11</subfield>
    <subfield code="t">Literatura no Hisp&#xE1;nica 2 --</subfield>
    <subfield code="g">v.12</subfield>
    <subfield code="t">Literatura no Hisp&#xE1;nica 3 --</subfield>
    <subfield code="g">v. 13</subfield>
    <subfield code="t">Miscel&#xE1;neos --</subfield>
    <subfield code="g">v. 14</subfield>
    <subfield code="t">Jos&#xE9; Mart&#xED; y temas de la historia de Cuba 1 --</subfield>
    <subfield code="g">v.15</subfield>
    <subfield code="t">Jos&#xE9; Mart&#xED; y temas de la historia de Cuba 2 --</subfield>
    <subfield code="g">v. 16</subfield>
    <subfield code="t">Letras de Am&#xE9;rica 1 --</subfield>
    <subfield code="g">v. 17</subfield>
    <subfield code="t">Letras de Am&#xE9;rica 2 --</subfield>
    <subfield code="g">v. 18</subfield>
    <subfield code="t">Letras de Am&#xE9;rica 3 --</subfield>
    <subfield code="g">v. 20</subfield>
    <subfield code="t">Escritores juveniles de cuentos --</subfield>
    <subfield code="g">v. 21</subfield>
    <subfield code="t">Literatura Espa&#xF1;ola --</subfield>
    <subfield code="g">v. 22</subfield>
    <subfield code="t">Teatro 1 --</subfield>
    <subfield code="g">v. 23</subfield>
    <subfield code="t">Teatro 2 --</subfield>
    <subfield code="g">v. 24</subfield>
    <subfield code="t">Epistolario 1 --</subfield>
    <subfield code="g">v. 25</subfield>
    <subfield code="t">Epistolario 2 --</subfield>
    <subfield code="g">v. 26</subfield>
    <subfield code="t">Epistolario 3 --</subfield>
    <subfield code="g">v. 27</subfield>
    <subfield code="t">Gram&#xE1;tica --</subfield>
    <subfield code="g">v. 28</subfield>
    <subfield code="t">M&#xFA;sica --</subfield>
  </datafield>
  <datafield tag="590" ind1=" " ind2=" ">
    <subfield code="a">Inventariado, 2024/VM</subfield>
  </datafield>
  <datafield tag="600" ind1="1" ind2="4">
    <subfield code="a">Henr&#xED;quez Ure&#xF1;a, Max </subfield>
    <subfield code="d">1885-1968</subfield>
    <subfield code="x">Colecciones de escritos </subfield>
  </datafield>
  <datafield tag="600" ind1="1" ind2="4">
    <subfield code="a">Henr&#xED;quez Ure&#xF1;a, Max </subfield>
    <subfield code="d">1885-1968</subfield>
    <subfield code="x">Correspondencia, memorias, etc.</subfield>
  </datafield>
  <datafield tag="600" ind1="1" ind2="4">
    <subfield code="a">Mart&#xED;, Jos&#xE9; </subfield>
    <subfield code="d">1853-1895</subfield>
  </datafield>
  <datafield tag="650" ind1=" " ind2="4">
    <subfield code="a">Literatura </subfield>
    <subfield code="x">Historia y cr&#xED;tica </subfield>
  </datafield>
  <datafield tag="651" ind1=" " ind2="4">
    <subfield code="a">Cuba </subfield>
    <subfield code="x">Historia </subfield>
  </datafield>
  <datafield tag="700" ind1="1" ind2=" ">
    <subfield code="a">Lantigua, Jos&#xE9; Rafael</subfield>
  </datafield>
  <datafield tag="910" ind1=" " ind2=" ">
    <subfield code="a">VMateo V. Control de calidad BPMSU </subfield>
  </datafield>
  <datafield tag="930" ind1=" " ind2="1">
    <subfield code="l"> </subfield>
    <subfield code="m"> </subfield>
    <subfield code="8"> </subfield>
    <subfield code="f"> </subfield>
    <subfield code="p"> </subfield>
    <subfield code="g"> </subfield>
  </datafield>
  <datafield tag="942" ind1=" " ind2=" ">
    <subfield code="2">ddc</subfield>
    <subfield code="c">BK</subfield>
  </datafield>
  <datafield tag="952" ind1=" " ind2=" ">
    <subfield code="0">0</subfield>
    <subfield code="1">0</subfield>
    <subfield code="2">ddc</subfield>
    <subfield code="4">0</subfield>
    <subfield code="7">0</subfield>
    <subfield code="8">CD</subfield>
    <subfield code="a">BPMET</subfield>
    <subfield code="b">BPMET</subfield>
    <subfield code="d">2015-08-11</subfield>
    <subfield code="l">0</subfield>
    <subfield code="o">BPMSU CD RD868.4 H519o 2008</subfield>
    <subfield code="p">BPMSU15080305</subfield>
    <subfield code="r">2015-08-11</subfield>
    <subfield code="t">v.3</subfield>
    <subfield code="w">2015-08-11</subfield>
    <subfield code="y">BK</subfield>
  </datafield>
  <datafield tag="952" ind1=" " ind2=" ">
    <subfield code="0">0</subfield>
    <subfield code="1">0</subfield>
    <subfield code="2">ddc</subfield>
    <subfield code="4">0</subfield>
    <subfield code="7">0</subfield>
    <subfield code="8">CD</subfield>
    <subfield code="a">BPMET</subfield>
    <subfield code="b">BPMET</subfield>
    <subfield code="d">2015-08-11</subfield>
    <subfield code="l">0</subfield>
    <subfield code="o">BPMSU CD RD868.4 H519o 2008</subfield>
    <subfield code="p">BPMSU24100024</subfield>
    <subfield code="r">2024-10-15</subfield>
    <subfield code="t">v.11</subfield>
    <subfield code="w">2015-08-11</subfield>
    <subfield code="y">BK</subfield>
  </datafield>
  <datafield tag="956" ind1=" " ind2=" ">
    <subfield code="a"> </subfield>
    <subfield code="b"> </subfield>
    <subfield code="c"> </subfield>
    <subfield code="l"> </subfield>
    <subfield code="h"> </subfield>
  </datafield>
  <datafield tag="956" ind1=" " ind2=" ">
    <subfield code="a"> </subfield>
    <subfield code="b"> </subfield>
    <subfield code="c"> </subfield>
    <subfield code="l"> </subfield>
    <subfield code="h"> </subfield>
  </datafield>
  <datafield tag="956" ind1=" " ind2=" ">
    <subfield code="a"> </subfield>
    <subfield code="b"> </subfield>
    <subfield code="c"> </subfield>
    <subfield code="l"> </subfield>
    <subfield code="h"> </subfield>
  </datafield>
  <datafield tag="956" ind1=" " ind2=" ">
    <subfield code="a">VMATEO</subfield>
    <subfield code="b">10</subfield>
    <subfield code="c">20150811</subfield>
    <subfield code="l">BPMSU</subfield>
    <subfield code="h">00151</subfield>
  </datafield>
  <datafield tag="999" ind1=" " ind2=" ">
    <subfield code="c">8183</subfield>
    <subfield code="d">8183</subfield>
  </datafield>
</record>
